Language Quiz

Random Language or French Quiz

French Proverbs in English Quiz Stats

 Plays Quiz not verified by Sporcle

Challenge
Share
Tweet
Embed
Score 0/50 Timer 15:00
0 Plays Today
% Correct
To err is human.
80.8%
After a storm comes a calm.
80.1%
Necessity is the mother of invention.
79.9%
You can't make an omelette without breaking eggs.
79.6%
Like father, like son.
79.2%
The road to hell is paved with good intentions.
79.1%
The end justifies the means.
79%
An eye for an eye, a tooth for a tooth.
78.4%
You can catch more flies with honey than with vinegar.
77.7%
Speech is silver, silence is golden.
77.5%
There is no rose without a thorn.
77.3%
When the cat's away, the mice will play.
76.4%
All is fair in love and war.
76.1%
All is well that ends well.
75.8%
When one door shuts, another opens.
75.5%
Barking dogs seldom bite.
75.4%
Can't see the forest for the trees.
75.4%
Where there's smoke, there's fire.
74.9%
Do as I say, not as I do.
74.8%
Time is money.
74.1%
All that glitters isn't gold.
73.9%
Don't look a gift horse in the mouth.
73.8%
Don't judge a book by its cover.
73.5%
You can tell an artist by his handiwork.
73.3%
Too many cooks spoil the broth.
72.9%
% Correct
A friend in need is a friend indeed.
72.7%
Honor to whom honor is due.
72.1%
All good things come to an end.
71.7%
Strike the iron while it's hot.
71.5%
Better late than never.
71.1%
One swallow doesn't make a summer.
70.8%
Walls have ears.
70.6%
Never put off till tomorrow what you can do today.
69.9%
As you make your bed, so you must lie in it.
69.6%
Better safe than sorry.
69.3%
Home is where the heart is.
68.8%
Beggars can't be choosers.
68.7%
One must choose the lesser of two evils.
68.5%
Seek and you shall find.
68.4%
Lightning never strikes twice in the same place.
67.5%
Out of sight, out of mind.
67.1%
A fault confessed is half redressed.
66.9%
God helps those who help themselves.
66.5%
Whoever laughs last laughs best.
65.9%
To kill two birds with one stone.
65.4%
Where there's a will, there's a way.
64.2%
He who sows the wind shall reap the whirlwind.
63.8%
Empty vessels make the most noise.
61.8%
The more the merrier.
56.7%
No sooner said than done.
55.7%

You're not logged in!

Compare scores with friends on all Sporcle quizzes.
OR
Log In

You Might Also Like...

Show Comments

Extras

Editor's Pick Aug 18, 2014ReportNominate
Tags:French Quiz, Translation Quiz, English, proverb

Top Quizzes Today


Score Distribution

Your Account Isn't Verified!

In order to create a playlist on Sporcle, you need to verify the email address you used during registration. Go to your Sporcle Settings to finish the process.

Report this User

Report this user for behavior that violates our Community Guidelines.

Details: